000 00487nam a2200181Ia 4500
001 1901
005 20260306143803.0
008 260306t2008||||xx |||||||||||||| ||spa||
041 _aESP
082 _a158.1
_bG368
100 _aGottfredson, Mark
_eAUT
245 0 _aResultados sobresalientes:
_bcómo los mejores líderes definen y alcanzan objetivos ambiciosos
260 _c2008
300 _a458 páginas :
_c23 cm.
650 _aGEN
654 _aCPS
942 _cLIB
_dJUS
_fJUS
_2ddc
_n
999 _c1901
_d1901